[Event "Ille et Vilaine-ch 1112"]
[Site "Ile et Vilaine"]
[Date "2012.??.??"]
[Round "7.2"]
[White "Mazza, Stefano"]
[Black "Durand Le Ludec, Brendan Bubok"]
[Result "1/2-1/2"]
[WhiteElo "1738"]
[BlackElo "1598"]
[PlyCount "108"]
[EventDate "2012.10.??"]
[EventType "swiss"]
[EventRounds "7"]
[EventCountry "FRA"]
[SourceTitle "EXT 2014"]
[Source "ChessBase"]
[SourceDate "2013.11.20"]
[SourceVersion "1"]
[SourceVersionDate "2013.11.20"]
[SourceQuality "1"]

1. e4 c5 2. Nc3 e6 3. f4 a6 4. Nf3 b5 5. d4 cxd4 6. Nxd4 Bb7 7. Bd3 Nf6 8. Qe2 Bc5 9. Nb3 Bb6 10. Be3 Bxe3 11. Qxe3 0-0 12. 0-0-0 d6 13. e5 Nd5 14. Nxd5 exd5 15. Qh3 g6 16. e6 Bc8 17. exf7+ Rxf7 18. Qf3 Bb7 19. Nd4 Qf6 20. Ne2 Nd7 21. h4 Nb6 22. Qg3 Nc4 23. c3 b4 24. f5 Ne5 25. fxg6 Nxd3+ 26. Rxd3 hxg6 27. Rf3 Qe6 28. Nd4 Rxf3 29. Qxf3 Qc8 30. h5 g5 31. h6 Qf8 32. Qh5 Qf6 33. Re1 Bc8 34. Qe8+ Kh7 35. Re6 Bxe6 36. Qxa8 Kxh6 37. Qxa6 Qf4+ 38. Kc2 Bf5+ 39. Kb3 bxc3 40. Qxd6+ Bg6 41. Qxf4 gxf4 42. Kxc3 Be4 43. Nf3 Kh5 44. b4 Kg4 45. Ne5+ Kg3 46. Kd4 Kxg2 47. b5 Bf5 48. b6 Bc8 49. Kxd5 f3 50. Nxf3 Kxf3 51. Kc6 Ke4 52. Kc7 Ba6 53. Kc6 Kd4 54. a4 Kc4 1/2-1/2

[Event "FICGS W-ch st1 g14 email"]
[Site "FICGS email"]
[Date "2006.07.01"]
[Round "1"]
[White "Mazza, Stefano"]
[Black "Lenz, Alarich"]
[Result "0-1"]
[WhiteElo "1512"]
[BlackElo "2194"]
[PlyCount "20"]
[EventDate "2006.??.??"]
[EventType "tourn (corr)"]
[EventRounds "8"]
[SourceTitle "Corr 2022"]
[Source "ChessBase"]
[SourceDate "2021.10.24"]
[SourceVersion "1"]
[SourceVersionDate "2021.10.24"]
[SourceQuality "1"]

1. e4 c5 2. Nf3 e6 3. d4 cxd4 4. Nxd4 Nf6 5. e5 Qa5+ 6. c3 Qxe5+ 7. Be2 Nc6 8. 0-0 Be7 9. Re1 0-0 10. Nxc6 dxc6 0-1

[Event "FICGS class F 000001 email"]
[Site "FICGS email"]
[Date "2006.04.28"]
[Round "1"]
[White "Sartorius, Julien"]
[Black "Mazza, Stefano"]
[Result "0-1"]
[WhiteElo "1200"]
[BlackElo "1400"]
[PlyCount "34"]
[EventDate "2006.??.??"]
[EventType "tourn (corr)"]
[EventRounds "5"]
[SourceTitle "Corr 2022"]
[Source "ChessBase"]
[SourceDate "2021.10.24"]
[SourceVersion "1"]
[SourceVersionDate "2021.10.24"]
[SourceQuality "1"]

1. e4 c5 2. Nc3 e6 3. Bc4 d6 4. d3 Nf6 5. Nge2 Nc6 6. Bg5 Be7 7. f4 0-0 8. 0-0 a6 9. h3 b5 10. Bb3 Bb7 11. g3 Re8 12. g4 Nd4 13. a4 Nxb3 14. cxb3 d5 15. f5 dxe4 16. dxe4 Nxe4 17. Nxe4 Bxe4 0-1